[Event "ISR-chT"]
[Site "Israel"]
[Date "2024.01.20"]
[Round "4.23"]
[White "Shohat, Yotam"]
[Black "Katkov, Michelle"]
[Result "1-0"]
[WhiteElo "2369"]
[BlackElo "2118"]
[PlyCount "89"]
[EventDate "2024.01.10"]
[EventType "team-tourn"]
[EventRounds "11"]
[EventCountry "ISR"]
[SourceTitle "CB09_2024"]
[SourceDate "2024.02.28"]
[SourceVersion "1"]
[SourceVersionDate "2024.02.28"]
[SourceQuality "1"]
[WhiteTeam "Ramat Gan Etude"]
[BlackTeam "Rehovot"]
[WhiteTeamCountry "ISR"]
[BlackTeamCountry "ISR"]

1. e4 e5 2. Nf3 Nc6 3. Bb5 a6 4. Ba4 Nf6 5. 0-0 Nxe4 6. d4 b5 7. Bb3 d5 8. dxe5 Be6 9. c3 Bc5 10. Nbd2 0-0 11. Bc2 Nxf2 12. Rxf2 f6 13. Nf1 Bxf2+ 14. Kxf2 fxe5 15. Kg1 Qd7 16. Be3 Bg4 17. Bc5 e4 18. Bxf8 Rxf8 19. h3 Bxf3 20. gxf3 exf3 21. Kh2 Qd6+ 22. Kh1 Qe6 23. Qd2 Qxh3+ 24. Qh2 Qxh2+ 25. Kxh2 Re8 26. Bb3 Re5 27. Kg3 g5 28. Kxf3 Kg7 29. Rd1 Ne7 30. Ng3 c6 31. Bc2 Ng6 32. Rh1 Nh4+ 33. Kg4 h6 34. Rh2 Re1 35. Rf2 Rg1 36. Kh3 Rc1 37. Bf5 Nxf5 38. Nxf5+ Kh7 39. Ne7 c5 40. Rf7+ Kh8 41. Kg4 Rh1 42. Nxd5 Kg8 43. Ra7 Rd1 44. Nf6+ Kf8 45. Kf5 1-0

[Event "Norway Chess op"]
[Site "Stavanger"]
[Date "2023.05.29"]
[Round "5"]
[White "Kaasen, Tor Fredrik"]
[Black "Katkov, Michelle"]
[Result "1-0"]
[WhiteElo "2480"]
[BlackElo "2142"]
[PlyCount "71"]
[EventDate "2023.05.27"]
[EventType "swiss"]
[EventRounds "10"]
[EventCountry "NOR"]
[SourceTitle "CBM 214 Extra"]
[Source "ChessBase"]
[SourceDate "2023.07.31"]
[SourceVersion "1"]
[SourceVersionDate "2023.07.31"]
[SourceQuality "1"]

1. d4 Nf6 2. c4 e6 3. Nf3 d5 4. Nc3 Bb4 5. Qa4+ Nc6 6. e3 0-0 7. Qc2 Re8 8. Bd2 Bf8 9. Rd1 b6 10. a3 Ne7 11. e4 dxc4 12. Bxc4 Bb7 13. 0-0 Ng6 14. Rfe1 Qc8 15. Ba2 c5 16. Bg5 cxd4 17. Nxd4 Be7 18. f4 h6 19. f5 Nf8 20. Bh4 N6h7 21. Bf2 Nf6 22. Kh1 Ng4 23. Bg3 Bc5 24. h3 Nf6 25. fxe6 Nxe6 26. Nxe6 fxe6 27. e5 Nh5 28. Bh2 Rf8 29. Rf1 Qe8 30. Rxf8+ Bxf8 31. Qf5 Kh8 32. Bxe6 Bc8 33. Bxc8 Rxc8 34. Ne4 g6 35. Qg4 Rc2 36. Nd6 1-0

[Event "Budapest FS04 IM"]
[Site "Budapest"]
[Date "2023.04.11"]
[Round "11"]
[White "Katkov, Michelle"]
[Black "Semprun Martinez, Fernando M"]
[Result "1/2-1/2"]
[WhiteElo "2152"]
[BlackElo "2127"]
[PlyCount "119"]
[EventDate "2023.04.01"]
[EventType "tourn"]
[EventRounds "11"]
[EventCountry "HUN"]
[SourceTitle "CBM 213 Extra"]
[Source "ChessBase"]
[SourceDate "2023.05.31"]
[SourceVersion "1"]
[SourceVersionDate "2023.05.31"]
[SourceQuality "1"]

1. e4 c6 2. d4 d5 3. exd5 cxd5 4. Bd3 Nc6 5. c3 Qc7 6. Ne2 Bg4 7. f3 Bh5 8. Bf4 Qd7 9. 0-0 Nf6 10. Nd2 e6 11. Nb3 b6 12. a4 Bd6 13. a5 0-0 14. Qd2 Bg6 15. Bxd6 Qxd6 16. Ra3 e5 17. Bxg6 hxg6 18. Rfa1 b5 19. Nc5 exd4 20. cxd4 b4 21. Re3 Rfe8 22. Rxe8+ Rxe8 23. Nc1 Qe7 24. N1b3 Qe2 25. Qxe2 Rxe2 26. Nd3 Rc2 27. a6 Ne8 28. Na5 Nc7 29. Nxc6 Rxc6 30. Nxb4 Rc4 31. Nd3 Rxd4 32. Ne5 Nb5 33. Rc1 f6 34. Rc8+ Kh7 35. Rc5 Rd1+ 36. Kf2 Rd2+ 37. Kg3 Nd4 38. Nc6 Nxc6 39. Rxc6 Rxb2 40. Rc7 d4 41. Kf4 Rxg2 42. Ke4 Rxh2 43. Kxd4 Ra2 44. Rxa7 g5 45. Kc5 Ra3 46. Ra8 Rxf3 47. Rd8 Ra3 48. Kb6 g4 49. a7 Kg6 50. a8Q Rxa8 51. Rxa8 Kf5 52. Kc5 Ke4 53. Re8+ Kf4 54. Rg8 g5 55. Rf8 f5 56. Kd5 g3 57. Ke6 g2 58. Rxf5+ Ke3 59. Rxg5 Kf2 60. Rxg2+ 1/2-1/2

[Event "EU-ch 22nd"]
[Site "Terme Catez"]
[Date "2022.04.06"]
[Round "11"]
[White "Katkov, Michelle"]
[Black "Ceres, Dragos"]
[Result "0-1"]
[WhiteElo "2149"]
[BlackElo "2385"]
[PlyCount "130"]
[EventDate "2022.03.27"]
[EventType "swiss"]
[EventRounds "11"]
[EventCountry "SLO"]
[SourceTitle "CBM 208"]
[Source "ChessBase"]
[SourceDate "2022.06.30"]
[SourceVersion "1"]
[SourceVersionDate "2022.06.30"]
[SourceQuality "1"]

1. e4 c5 2. c3 Nf6 3. e5 Nd5 4. d4 cxd4 5. cxd4 d6 6. Nf3 Nc6 7. Bc4 Nb6 8. Bb5 dxe5 9. Nxe5 Bd7 10. Nxd7 Qxd7 11. Nc3 e6 12. 0-0 a6 13. Bxc6 Qxc6 14. Re1 Be7 15. Bf4 0-0 16. d5 Qd7 17. dxe6 fxe6 18. Qxd7 Nxd7 19. Rxe6 Bf6 20. Bd6 Rfe8 21. Rae1 Rxe6 22. Rxe6 Rc8 23. Re3 Nb6 24. Bf4 Nd5 25. Re4 Nxf4 26. Rxf4 Bxc3 27. bxc3 Rxc3 28. h4 Ra3 29. Rb4 b5 30. Rb2 h5 31. g3 Kf7 32. Re2 a5 33. Kg2 Kf6 34. Kh3 b4 35. Kg2 Kf5 36. Kh3 Rc3 37. Kg2 g6 38. Kh3 a4 39. Re8 b3 40. axb3 axb3 41. Kg2 b2 42. Rb8 Rc2 43. Kf3 Ke5 44. Ke3 Kd5 45. Kf4 Rxf2+ 46. Kg5 Kc4 47. Kxg6 Rd2 48. Rc8+ Kb5 49. Rb8+ Kc5 50. Rc8+ Kb6 51. Rb8+ Kc7 52. Rb3 Rd6+ 53. Kxh5 Rb6 54. Rxb2 Rxb2 55. Kg6 Rg2 56. h5 Rxg3+ 57. Kf7 Rh3 58. Kg6 Kd7 59. h6 Ke7 60. Kg7 Rg3+ 61. Kh8 Kf7 62. h7 Kg6 63. Kg8 Ra3 64. h8N+ Kf6 65. Kh7 Rg3 0-1

[Event "EU-ch 22nd"]
[Site "Terme Catez"]
[Date "2022.03.31"]
[Round "5"]
[White "Damjanovic, Vuk"]
[Black "Katkov, Michelle"]
[Result "1-0"]
[WhiteElo "2409"]
[BlackElo "2149"]
[PlyCount "61"]
[EventDate "2022.03.27"]
[EventType "swiss"]
[EventRounds "11"]
[EventCountry "SLO"]
[SourceTitle "CBM 208"]
[Source "ChessBase"]
[SourceDate "2022.06.30"]
[SourceVersion "1"]
[SourceVersionDate "2022.06.30"]
[SourceQuality "1"]

1. d4 Nf6 2. Bg5 d5 3. e3 c5 4. Bxf6 gxf6 5. dxc5 e5 6. c4 dxc4 7. Qa4+ Nc6 8. Bxc4 Qa5+ 9. Nc3 Qxa4 10. Nxa4 Bd7 11. 0-0-0 Nd8 12. Nc3 Rc8 13. Nd5 Bg7 14. b4 Ne6 15. Kb1 Bc6 16. Ne2 Bxd5 17. Bxd5 Rc7 18. Nc3 a6 19. Be4 Rd7 20. Nd5 a5 21. a3 axb4 22. axb4 Nd8 23. Bf5 Ne6 24. Nb6 Rc7 25. Nd5 Rc6 26. Bc2 Rc8 27. Ba4+ Kf8 28. Nb6 Rd8 29. Rxd8+ Nxd8 30. Rd1 Ke7 31. Nc8+ 1-0

[Event "EU-ch 22nd"]
[Site "Terme Catez"]
[Date "2022.03.30"]
[Round "4"]
[White "Katkov, Michelle"]
[Black "Stefansson, Hannes"]
[Result "0-1"]
[WhiteElo "2149"]
[BlackElo "2520"]
[PlyCount "58"]
[EventDate "2022.03.27"]
[EventType "swiss"]
[EventRounds "11"]
[EventCountry "SLO"]
[SourceTitle "CBM 208"]
[Source "ChessBase"]
[SourceDate "2022.06.30"]
[SourceVersion "1"]
[SourceVersionDate "2022.06.30"]
[SourceQuality "1"]

1. e4 c5 2. c3 Nf6 3. e5 Nd5 4. d4 cxd4 5. cxd4 d6 6. Nf3 Nc6 7. Bc4 dxe5 8. dxe5 Be6 9. 0-0 g6 10. Ng5 Bg7 11. Qb3 Qd7 12. Nxe6 fxe6 13. Qh3 Nxe5 14. Bb3 0-0 15. Nc3 Rf5 16. Nxd5 exd5 17. f4 Nc4 18. Bc2 Rc8 19. Bxf5 gxf5 20. Rb1 Qe6 21. b3 Qe4 22. bxc4 Qxb1 23. Be3 Qe4 24. Bxa7 dxc4 25. Qg3 Qd5 26. Qg5 e6 27. Qh5 c3 28. Rd1 Qxa2 29. Be3 c2 0-1

[Event "ISR-chT"]
[Site "Israel"]
[Date "2022.02.12"]
[Round "6.3"]
[White "Vagman, Roy"]
[Black "Katkov, Michelle"]
[Result "1/2-1/2"]
[WhiteElo "2204"]
[BlackElo "2159"]
[PlyCount "120"]
[EventDate "2022.01.14"]
[EventType "team-tourn"]
[EventRounds "11"]
[EventCountry "ISR"]
[SourceTitle "EXT 2023"]
[Source "ChessBase"]
[SourceDate "2022.10.05"]
[SourceVersion "1"]
[SourceVersionDate "2022.10.05"]
[SourceQuality "1"]
[WhiteTeam "Tel Aviv"]
[BlackTeam "Rehovot"]
[WhiteTeamCountry "ISR"]
[BlackTeamCountry "ISR"]

1. e4 e5 2. Nf3 Nc6 3. Bb5 a6 4. Ba4 Nf6 5. 0-0 Nxe4 6. d4 b5 7. Bb3 d5 8. dxe5 Be6 9. Nbd2 Nc5 10. c3 Bf5 11. Bc2 Bxc2 12. Qxc2 d4 13. Nb3 d3 14. Qd1 Nxb3 15. axb3 Bc5 16. b4 Bb6 17. Qb3 0-0 18. Re1 Qd7 19. Be3 Bxe3 20. Rxe3 a5 21. Rd1 axb4 22. Rexd3 Qe6 23. Qxe6 fxe6 24. cxb4 Nxb4 25. Rd7 Rf7 26. Rd8+ Rf8 27. Rxf8+ Rxf8 28. Ng5 Re8 29. f4 h6 30. Ne4 Nd5 31. g3 Kf7 32. Ra1 Kg6 33. Kf2 Kf5 34. Kf3 g5 35. g4+ Kg6 36. fxg5 hxg5 37. Ra6 Nb4 38. Ra7 Nd3 39. Rxc7 Nxe5+ 40. Kg3 Rd8 41. Nc5 Rd5 42. h3 Nd3 43. Nxe6 Nxb2 44. h4 gxh4+ 45. Kxh4 Kf6 46. Nf4 Rd1 47. Nh5+ Ke6 48. Rb7 Nc4 49. Ng7+ Kf6 50. Nh5+ Ke6 51. Rxb5 Nd6 52. Nf4+ Kf7 53. Re5 Rd4 54. Ne6 Kf6 55. Nxd4 Kxe5 56. Nc6+ Kf6 57. g5+ Kg7 58. Nd4 Nf7 59. Ne6+ Kg6 60. Nf4+ Kg7 1/2-1/2

[Event "Wch Blitz (Women)"]
[Site "Warsaw"]
[Date "2021.12.30"]
[Round "17"]
[White "Heredia Serrano, Carla Sofia"]
[Black "Katkov, Michelle"]
[Result "0-1"]
[WhiteElo "2121"]
[BlackElo "2151"]
[PlyCount "110"]
[EventDate "2021.12.29"]
[EventType "swiss (blitz)"]
[EventRounds "17"]
[EventCountry "POL"]
[SourceTitle "CBM 205 Extra"]
[Source "ChessBase"]
[SourceDate "2022.01.31"]
[SourceVersion "1"]
[SourceVersionDate "2022.01.31"]
[SourceQuality "1"]

1. e4 e5 2. Nf3 Nc6 3. Bc4 Bc5 4. b4 Bb6 5. a4 a6 6. Nc3 Nf6 7. 0-0 0-0 8. Ba3 d6 9. h3 Be6 10. d3 Bxc4 11. dxc4 Bd4 12. Nxd4 exd4 13. Ne2 Nxe4 14. Nxd4 Ne5 15. Qe2 Nc3 16. Qe1 Nxa4 17. c5 b5 18. Qe3 Nc4 19. Qg3 dxc5 20. bxc5 Nxa3 21. Rxa3 Nxc5 22. Rf3 Qxd4 23. Qxc7 Ne6 24. Qb7 Qa7 25. Qe4 Qd4 26. Qb7 Nc5 27. Qb6 Qc4 28. Rg3 Ne4 29. Rg4 Qd5 30. Qh6 g6 31. Re1 Nf6 32. Rg5 Qd2 33. Re3 Rfe8 34. Rf3 Qd1+ 35. Kh2 Qd6+ 36. g3 Re2 37. Kg2 Rae8 38. h4 Qc6 39. h5 Qe6 40. hxg6 fxg6 41. Rc5 Qe7 42. Rc6 Ng4 43. Qf4 Ne5 44. Rxa6 Nxf3 45. Qxf3 Re6 46. Qd5 Qf7 47. Rxe6 Qxe6 48. Qf3 Qe4 49. g4 Qxf3+ 50. Kxf3 Rc8 51. Ke4 Rxc2 52. f4 b4 53. Kd3 Rc8 54. f5 gxf5 55. gxf5 b3 0-1

[Event "Wch Blitz (Women)"]
[Site "Warsaw"]
[Date "2021.12.29"]
[Round "5"]
[White "Kashlinskaya, Alina"]
[Black "Katkov, Michelle"]
[Result "1-0"]
[WhiteElo "2490"]
[BlackElo "2151"]
[PlyCount "109"]
[EventDate "2021.12.29"]
[EventType "swiss (blitz)"]
[EventRounds "17"]
[EventCountry "POL"]
[SourceTitle "CBM 205 Extra"]
[Source "ChessBase"]
[SourceDate "2022.01.31"]
[SourceVersion "1"]
[SourceVersionDate "2022.01.31"]
[SourceQuality "1"]

1. d4 Nf6 2. c4 e6 3. Nc3 Bb4 4. Qc2 0-0 5. a3 Bxc3+ 6. Qxc3 d6 7. Nf3 Ne4 8. Qc2 f5 9. g3 Nd7 10. Bg2 Ndf6 11. Nd2 Nxd2 12. Bxd2 e5 13. Bc3 Qe7 14. dxe5 dxe5 15. 0-0-0 c5 16. Kb1 Be6 17. Bxe5 Qf7 18. Bxf6 Qxf6 19. Bd5 Rfe8 20. e3 Rad8 21. Qa4 Bxd5 22. Rxd5 Re4 23. Rxd8+ Qxd8 24. Rd1 Qb6 25. Qd7 h6 26. Qc8+ Kh7 27. Qxf5+ Qg6 28. Qxg6+ Kxg6 29. Rd6+ Kf5 30. Rd5+ Kg4 31. Rxc5 Kh3 32. Rc7 Kxh2 33. Rxg7 Rxc4 34. Rxb7 Kg2 35. Rf7 h5 36. b3 Rc3 37. Kb2 Rd3 38. Kc2 Rd5 39. b4 Rd6 40. Kc3 Rd1 41. a4 Rf1 42. b5 Rc1+ 43. Kb4 Rb1+ 44. Kc5 Ra1 45. Rxa7 Kxf2 46. b6 Kxg3 47. b7 Rb1 48. a5 h4 49. a6 h3 50. Ra8 h2 51. Rg8+ Kf3 52. Rh8 Kg2 53. a7 Rc1+ 54. Kd4 Ra1 55. a8Q 1-0

[Event "Wch Blitz (Women)"]
[Site "Warsaw"]
[Date "2021.12.29"]
[Round "6"]
[White "Katkov, Michelle"]
[Black "Rakhmangulova, Anastasiya"]
[Result "1/2-1/2"]
[WhiteElo "2151"]
[BlackElo "2174"]
[PlyCount "98"]
[EventDate "2021.12.29"]
[EventType "swiss (blitz)"]
[EventRounds "17"]
[EventCountry "POL"]
[SourceTitle "CBM 205 Extra"]
[Source "ChessBase"]
[SourceDate "2022.01.31"]
[SourceVersion "1"]
[SourceVersionDate "2022.01.31"]
[SourceQuality "1"]

1. e4 d5 2. exd5 Qxd5 3. Nc3 Qd6 4. d4 Nf6 5. Nf3 a6 6. g3 Bg4 7. Bg2 Nc6 8. 0-0 0-0-0 9. h3 Bh5 10. Qd3 Bg6 11. Qe2 e6 12. Bf4 Qb4 13. Ne5 Nxd4 14. Qe3 Bc5 15. a3 Qb6 16. Na4 Qa7 17. b4 Bb6 18. c4 Nc2 19. Qc3 Bd4 20. Qb3 Nxa1 21. Qa2 Be4 22. Bxe4 Nxe4 23. Nxf7 g5 24. Nxh8 gxf4 25. Nf7 Rg8 26. g4 h5 27. Rd1 hxg4 28. hxg4 Rxg4+ 29. Kf1 Rh4 30. c5 e5 31. Rxd4 exd4 32. Ke2 Rh1 33. Ne5 b5 34. Qg8+ Kb7 35. Qd5+ c6 36. Qxe4 Rh8 37. Qxc6+ Kb8 38. Qd6+ Qc7 39. Nc6+ Kc8 40. Nb6+ Kb7 41. Na5+ Kb8 42. Nc6+ Kb7 43. Na5+ Kb8 44. Nd7+ Kc8 45. Nb6+ Kb8 46. Nd7+ Kc8 47. Nb6+ Kb8 48. Nd7+ Kc8 49. Nb6+ Kb8 1/2-1/2

[Event "Wch Blitz (Women)"]
[Site "Warsaw"]
[Date "2021.12.29"]
[Round "1"]
[White "Strutinskaya, Galina N"]
[Black "Katkov, Michelle"]
[Result "0-1"]
[WhiteElo "2142"]
[BlackElo "2151"]
[PlyCount "104"]
[EventDate "2021.12.29"]
[EventType "swiss (blitz)"]
[EventRounds "17"]
[EventCountry "POL"]
[SourceTitle "CBM 205 Extra"]
[Source "ChessBase"]
[SourceDate "2022.01.31"]
[SourceVersion "1"]
[SourceVersionDate "2022.01.31"]
[SourceQuality "1"]

1. d4 Nf6 2. Nf3 e6 3. g3 b5 4. a4 bxa4 5. Bg2 Bb7 6. 0-0 c5 7. c3 Be7 8. Rxa4 cxd4 9. Qxd4 Nc6 10. Qf4 0-0 11. Rd1 d5 12. Nbd2 Qb6 13. Nf1 Rfd8 14. h4 Bd6 15. Qd2 Ne4 16. Qe1 Qb3 17. Ra1 Bc5 18. Nd4 Nxd4 19. cxd4 Bb4 20. Nd2 Qc2 21. f3 Nd6 22. Qf1 Nf5 23. Nb1 Nxg3 24. Na3 Bxa3 25. Qe1 Nxe2+ 26. Kh2 Bd6+ 27. Kh1 Ng3+ 28. Kg1 Nf5 29. h5 Bg3 30. Qf1 Qc4 31. Rd3 Ba6 32. Raa3 Qc6 33. Rac3 Bxd3 34. Qxd3 Qb6 35. f4 Rac8 36. Be3 Rxc3 37. bxc3 Rb8 38. Bf1 Qb1 39. Qd2 Qe4 40. Bf2 Bxf2+ 41. Kxf2 Nh4 42. Kg3 Nf5+ 43. Kf2 Qb1 44. Bd3 Qb2 45. Ke2 Ng3+ 46. Ke3 Qxd2+ 47. Kxd2 a5 48. h6 gxh6 49. Kc2 Nh5 50. f5 exf5 51. Bxf5 a4 52. Bd7 a3 0-1

[Event "Wch Rapid (Women)"]
[Site "Warsaw"]
[Date "2021.12.28"]
[Round "10"]
[White "Katkov, Michelle"]
[Black "Gaboyan, Susanna"]
[Result "1/2-1/2"]
[WhiteElo "2151"]
[BlackElo "2254"]
[PlyCount "110"]
[EventDate "2021.12.26"]
[EventType "swiss (rapid)"]
[EventRounds "11"]
[EventCountry "POL"]
[SourceTitle "CBM 205 Extra"]
[Source "ChessBase"]
[SourceDate "2022.01.31"]
[SourceVersion "1"]
[SourceVersionDate "2022.01.31"]
[SourceQuality "1"]

1. e4 c5 2. c3 d5 3. exd5 Qxd5 4. d4 Nc6 5. Nf3 cxd4 6. cxd4 e5 7. Nc3 Bb4 8. Bd2 Bxc3 9. Bxc3 e4 10. Ne5 Nxe5 11. dxe5 Ne7 12. Qa4+ Bd7 13. Qa3 Qe6 14. Qd6 0-0 15. Qxe6 Bxe6 16. Bb4 Rfe8 17. Bb5 Nc6 18. Bd6 Rec8 19. Bxc6 Rxc6 20. Kd2 Rac8 21. Rhc1 Rxc1 22. Rxc1 Rxc1 23. Kxc1 Bxa2 24. Kd2 Bd5 25. Ke3 g5 26. g3 Kg7 27. Be7 Kg6 28. h4 gxh4 29. Bxh4 Kf5 30. Kd4 Bc6 31. Be7 Kg4 32. Ke3 Kh3 33. Bc5 Kg2 34. Bxa7 Kf1 35. Kf4 Bd5 36. Kg5 Be6 37. Kf4 Bd5 38. Kg5 Be6 39. Kh6 Bf5 40. Kg7 Bg6 41. Kf6 Ke2 42. Ke7 Kd3 43. Kd6 Kc4 44. Bb6 Kb3 45. Bd4 b5 46. Kc6 Kc4 47. Be3 Bh5 48. Kd6 b4 49. Ke7 Bg6 50. Kf6 Kd3 51. Bc5 b3 52. Kg5 Kc2 53. Bd4 Kd3 54. Be3 Kc2 55. Bd4 Kd3 1/2-1/2

[Event "Wch Rapid (Women)"]
[Site "Warsaw"]
[Date "2021.12.27"]
[Round "8"]
[White "Jakubowska, Anna"]
[Black "Katkov, Michelle"]
[Result "1-0"]
[WhiteElo "2106"]
[BlackElo "2151"]
[PlyCount "139"]
[EventDate "2021.12.26"]
[EventType "swiss (rapid)"]
[EventRounds "11"]
[EventCountry "POL"]
[SourceTitle "CBM 205 Extra"]
[Source "ChessBase"]
[SourceDate "2022.01.31"]
[SourceVersion "1"]
[SourceVersionDate "2022.01.31"]
[SourceQuality "1"]

1. e4 e5 2. Nc3 Nf6 3. g3 d5 4. exd5 Nxd5 5. Bg2 Nxc3 6. bxc3 Bd6 7. d3 0-0 8. Ne2 c6 9. 0-0 Bg4 10. h3 Bh5 11. g4 Bg6 12. f4 exf4 13. Nxf4 Nd7 14. Rb1 Qc7 15. h4 h6 16. Bd2 Bh7 17. Kh1 Ne5 18. g5 hxg5 19. hxg5 Ng6 20. Nh5 Nh4 21. Bh3 c5 22. Qg4 Ng6 23. c4 Rae8 24. Bc3 Be5 25. Bxe5 Nxe5 26. Qg2 b6 27. Nf4 Ng6 28. Nd5 Qe5 29. Bf5 Qe2 30. Bxg6 Bxg6 31. Nf4 Qxg2+ 32. Kxg2 Bf5 33. Rbe1 Bd7 34. Kg3 Bc6 35. Nh5 Ba4 36. Nf4 Bxc2 37. Rh1 Rxe1 38. Rxe1 Rd8 39. Re3 Kf8 40. Kg4 Re8 41. Rxe8+ Kxe8 42. Kf5 Ke7 43. Ke5 f6+ 44. gxf6+ gxf6+ 45. Kd5 Ba4 46. Ke4 Bc6+ 47. Kf5 Bd7+ 48. Ke4 Bc6+ 49. Kf5 Kf7 50. a3 Bd7+ 51. Ke4 Bg4 52. Kd5 Bf3+ 53. Kd6 Kg7 54. Kc7 Kh6 55. Nd5 f5 56. Kb7 f4 57. Kxa7 Bxd5 58. cxd5 Kg6 59. Kxb6 f3 60. d6 Kf7 61. d7 f2 62. d8Q f1Q 63. Qd7+ Kg8 64. Qc8+ Kg7 65. Qd7+ Kg8 66. a4 Qc1 67. a5 Qa3 68. a6 Qb4+ 69. Qb5 Qd4 70. Qc4+ 1-0

[Event "Wch Rapid (Women)"]
[Site "Warsaw"]
[Date "2021.12.27"]
[Round "5"]
[White "Katkov, Michelle"]
[Black "Loskutova, Viktoriya"]
[Result "1-0"]
[WhiteElo "2151"]
[BlackElo "2100"]
[PlyCount "113"]
[EventDate "2021.12.26"]
[EventType "swiss (rapid)"]
[EventRounds "11"]
[EventCountry "POL"]
[SourceTitle "CBM 205 Extra"]
[Source "ChessBase"]
[SourceDate "2022.01.31"]
[SourceVersion "1"]
[SourceVersionDate "2022.01.31"]
[SourceQuality "1"]

1. e4 c5 2. c3 Nf6 3. e5 Nd5 4. d4 cxd4 5. cxd4 Nc6 6. Nf3 d6 7. Bc4 e6 8. 0-0 Be7 9. exd6 Qxd6 10. Nc3 0-0 11. Bb3 h6 12. Re1 Rd8 13. Nxd5 exd5 14. Ne5 Qf6 15. Bc2 Bf8 16. Re3 Be6 17. Rf3 Qh4 18. Qd3 Qe4 19. Nxc6 Qe1+ 20. Qf1 Qxf1+ 21. Kxf1 bxc6 22. Bf4 c5 23. dxc5 Bxc5 24. Bb3 Bd4 25. Rc1 Bxb2 26. Rc7 g5 27. Bg3 a5 28. a4 Rab8 29. Ra7 Rbc8 30. Rd3 Rc5 31. h4 f5 32. hxg5 hxg5 33. Bc7 Rd7 34. Bb6 Rc1+ 35. Ke2 Rxa7 36. Bxa7 Rc3 37. Bb6 Rc6 38. Bxa5 d4 39. Bd2 f4 40. f3 Kf7 41. a5 Kf6 42. Bxe6 Kxe6 43. Rb3 Bc3 44. Rb6 Rxb6 45. axb6 d3+ 46. Kxd3 Be5 47. Ke4 Bd6 48. Bc3 Bc5 49. Bd4 Bd6 50. b7 Bb8 51. Bb6 Kf6 52. Bd8+ Kg6 53. Be7 Kh5 54. Kf5 Kh4 55. Bxg5+ Kg3 56. Ke4 Bc7 57. Bf6 1-0